000 00647 a2200193 4500
999 _c6565
_d6565
020 _a0697160769
050 0 0 _aQP36 VAN 1995
100 1 _aVan De Graaff, Kent M.
_d1942-
_eauthor
245 1 0 _aConcepts of human anatomy & physiology /
_cKent M. Van De Graaff, Stuart Ira Fox.
250 _a4th ed.
264 _aBoston :
_bWCB, Wm. C. Brown Publishers,
_c1995.
300 _axix, 1002 p. :
_bill. (some col.) ;
500 _aIncludes index
504 _aIncludes bibliographical references (p. 934-940)
650 0 _aHuman physiology.
650 0 _aHuman anatomy.
700 1 _aFox, Stuart Ira.
_eauthor
942 _2lcc
_cBK
_e4th ed.
_h36
_iVAN
_kQP